[Event "Champ FRA - Under 8"]
[Site "Europe Echecs"]
[Date "2020.07.06"]
[Round "5"]
[Time "15:45:34"]
[PlyCount "40"]
[White "SteinmetzBapti"]
[Black "RogerAolis"]
[WhiteElo "1290"]
[BlackElo "1098"]
[Mode "WEB"]
[Result "1-0"]

1. e4 d5 2. exd5 Nf6 3. Nc3 Nxd5 4. Nxd5 Qxd5 5. d4 Nc6 6. Nf3 f6 7. Bf4 Bg4 8.
Be2 Bxf3 9. Bxf3 Qxd4 10. Bxc6+ bxc6 11. Qxd4 e5 12. Qa4 O-O-O 13. Be3 Be7 14.
Qxc6 Kb8 15. Qb5+ Ka8 16. Qa6 Kb8 17. Bxa7+ Ka8 18. Bb6+ Kb8 19. Qa7+ Kc8 20.
Qxc7# {RogerAolis est échec et mat} 1-0

[Event "Champ FRA - Under 8"]
[Site "Europe Echecs"]
[Date "2020.07.06"]
[Round "5"]
[Time "15:45:34"]
[PlyCount "93"]
[White "RobbeHugo"]
[Black "LequangEnzo"]
[WhiteElo "1270"]
[BlackElo "1068"]
[Mode "WEB"]
[Result "0-1"]

1. e4 e5 2. Nf3 Nc6 3. Bc4 Bc5 4. O-O Nf6 5. Nc3 O-O 6. d3 d6 7. h3 Be6 8. Bxe6
fxe6 9. Bg5 d5 10. exd5 exd5 11. Re1 d4 12. Nb5 a6 13. Na3 Bxa3 14. bxa3 Re8 15.
Qc1 Qe7 16. c3 Rad8 17. cxd4 Nxd4 18. Nxd4 Rxd4 19. Be3 Rxd3 20. Rd1 Rxd1+ 21.
Qxd1 Qxa3 22. Bg5 Ne4 23. Qd7 Qf8 24. Bh4 Rc8 25. Re1 Nc5 26. Qd5+ Kh8 27. Qxe5
Nd3 28. Qe2 Nxe1 29. Qxe1 Re8 30. Qa1 Qb4 31. Bg5 Re1+ 32. Qxe1 Qxe1+ 33. Kh2
Qxf2 34. Bc1 Qxa2 35. Be3 c5 36. Bxc5 b5 37. Kg3 b4 38. Bxb4 Qb3+ 39. Kh2 Qxb4
40. Kh1 a5 41. Kh2 a4 42. Kh1 a3 43. Kh2 a2 44. Kh1 a1=Q+ 45. Kh2 Qe5+ 46. Kh1
Qbe1# {RobbeHugo est échec et mat} 0-1

[Event "Champ FRA - Under 8"]
[Site "Europe Echecs"]
[Date "2020.07.06"]
[Round "5"]
[Time "15:45:34"]
[PlyCount "76"]
[White "MartellierAnto"]
[Black "LeblancCondeEv"]
[WhiteElo "1262"]
[BlackElo "1067"]
[Mode "WEB"]
[Result "1/2-1/2"]

1. d4 f5 2. Bg5 g6 3. Nf3 Bg7 4. c4 Nf6 5. Nc3 O-O 6. e3 Re8 7. Qc2 d5 8. Qb3
dxc4 9. Bxc4+ Kh8 10. Bf7 Rf8 11. Bc4 Nc6 12. O-O Na5 13. Qb4 Nxc4 14. Qxc4 Bd7
15. Bxf6 Bxf6 16. Nd5 Be6 17. Qxc7 Bxd5 18. Qc2 Be4 19. Qd1 Re8 20. Rc1 e5 21.
Re1 exd4 22. exd4 Bxf3 23. Rxe8+ Qxe8 24. gxf3 Qd7 25. Rc4 Rd8 26. Qe2 Bxd4 27.
Rc2 Bb6 28. Kg2 Qd1 29. Qe5+ Kg8 30. Qe6+ Kg7 31. Qe7+ Kh6 32. Qf6 Qxc2 33. Qh4+
Kg7 34. Qe7+ Kg8 35. Qe6+ Kg7 36. Qe7+ Kh6 37. Qh4+ Kg7 38. Qe7+ {Nulle par répétition} 1/2-1/2

[Event "Champ FRA - Under 8"]
[Site "Europe Echecs"]
[Date "2020.07.06"]
[Round "5"]
[Time "15:45:34"]
[PlyCount "160"]
[White "GongAlex"]
[Black "CharrierShayan"]
[WhiteElo "1062"]
[BlackElo "1260"]
[Mode "WEB"]
[Result "1-0"]

1. e4 c6 2. d4 d5 3. e5 Bf5 4. Nc3 e6 5. f4 c5 6. Nf3 cxd4 7. Qxd4 Nc6 8. Qd1
Rc8 9. Be3 Bb4 10. Be2 Nge7 11. a3 Bxc3+ 12. bxc3 O-O 13. O-O Qa5 14. Qd2 a6 15.
Nh4 Nb8 16. Nxf5 Nxf5 17. Bd3 Nxe3 18. Qxe3 Qxc3 19. Qh3 h6 20. Rab1 b5 21. Rb3
Qc7 22. Rf3 Qc5+ 23. Kh1 Qd4 24. Rb1 Nc6 25. Rbf1 Ne7 26. Rg3 Kh8 27. Rg4 Rc3
28. Rh4 Nf5 29. Rg4 Ne3 30. Rh4 Nf5 31. Rh5 Rxa3 32. g4 Rxd3 33. cxd3 Ne3 34.
Re1 Nc2 35. Re2 Qa1+ 36. Kg2 Nd4 37. Re3 Qb2+ 38. Kf1 Qc1+ 39. Kf2 Qd2+ 40. Kg1
Ne2+ 41. Kf1 Nxf4 42. Rxh6+ gxh6 43. Qxh6+ Kg8 44. Qxf4 Qd1+ 45. Kf2 Rb8 46.
Qg5+ Kf8 47. Rh3 Qc2+ 48. Ke3 Qc5+ 49. Kf4 Qd4+ 50. Kg3 Qxd3+ 51. Kg2 Qe2+ 52.
Kg3 Qe1+ 53. Kf4 Qf2+ 54. Rf3 Qd2+ 55. Re3 Qf2+ 56. Rf3 Qxh2+ 57. Ke3 Qg1+ 58.
Rf2 Qe1+ 59. Kf3 Qe4+ 60. Kg3 Qd3+ 61. Kg2 Qe4+ 62. Kh3 Rc8 63. Qh6+ Kg8 64.
Qg5+ Qg6 65. Qh4 Rc3+ 66. Kh2 Rc8 67. Rf6 Qc2+ 68. Rf2 Qg6 69. g5 Qg7 70. Qf4
Rc4 71. Qe3 Rh4+ 72. Kg3 Rh5 73. Kg4 Rh1 74. Rc2 Qf8 75. Qf3 Qb4+ 76. Kg3 Rg1+
77. Kh2 Rxg5 78. Rc8+ Kg7 79. Qf6+ Kh7 80. Rh8# {CharrierShayan est échec et mat} 1-0

[Event "Champ FRA - Under 8"]
[Site "Europe Echecs"]
[Date "2020.07.06"]
[Round "5"]
[Time "15:45:34"]
[PlyCount "52"]
[White "LamorelleAlexe"]
[Black "PerrinStephane"]
[WhiteElo "1009"]
[BlackElo "1260"]
[Mode "WEB"]
[Result "1-0"]

1. e4 e5 2. Nf3 Nc6 3. Nc3 Nf6 4. Bb5 d5 5. exd5 Nxd5 6. Nxe5 Bd7 7. Bxc6 Bxc6
8. d4 Bd6 9. Nxc6 bxc6 10. Nxd5 cxd5 11. Qe2+ Be7 12. O-O O-O 13. Re1 Bd6 14.
Bd2 c6 15. Qd3 Bc7 16. Re2 Qd6 17. g3 Rae8 18. Rae1 Rxe2 19. Rxe2 h6 20. Qf3 Qg6
21. Kg2 Qxc2 22. Bxh6 gxh6 23. Rxc2 Kh7 24. Rxc6 Bb6 25. Qf6 Rg8 26. Qxh6# {PerrinStephane est échec et mat} 1-0

[Event "Champ FRA - Under 8"]
[Site "Europe Echecs"]
[Date "2020.07.06"]
[Round "5"]
[Time "15:45:34"]
[PlyCount "56"]
[White "ToNamLong"]
[Black "PerrinJulian"]
[WhiteElo "1260"]
[BlackElo "1050"]
[Mode "WEB"]
[Result "1-0"]

1. e4 e5 2. f4 d5 3. exd5 exf4 4. Nf3 Qxd5 5. Nc3 Qd8 6. d4 Nf6 7. Bxf4 g6 8.
Bc4 Bg7 9. O-O O-O 10. Qd2 Bg4 11. Be2 Nbd7 12. Bh6 a6 13. Bxg7 Kxg7 14. Ng5 Qe7
15. Bxg4 Nxg4 16. Rae1 Qd8 17. Qf4 f5 18. Ne6+ Kf7 19. Nxd8+ Raxd8 20. Nd5 Ngf6
21. Nxf6 Nxf6 22. Qxc7+ Kg8 23. Re7 Nh5 24. Rxh7 Rc8 25. Qxb7 Rxc2 26. Qb3+ Rc4
27. Qxc4+ Rf7 28. Qxf7# {PerrinJulian est échec et mat} 1-0

[Event "Champ FRA - Under 8"]
[Site "Europe Echecs"]
[Date "2020.07.06"]
[Round "5"]
[Time "15:45:34"]
[PlyCount "71"]
[White "TuMathias"]
[Black "ButotQuentin"]
[WhiteElo "1051"]
[BlackElo "1250"]
[Mode "WEB"]
[Result "0-1"]

1. e4 e5 2. Nf3 Nc6 3. Bc4 d6 4. c3 Nf6 5. d4 Bg4 6. h3 Bh5 7. Be3 d5 8. exd5 e4
9. g4 exf3 10. dxc6 Bg6 11. cxb7 Rb8 12. Ba6 Qd6 13. Bb5+ c6 14. Ba4 Rxb7 15.
Qxf3 Be4 16. Qe2 Bxh1 17. Bf4+ Qe7 18. Qxe7+ Kxe7 19. Nd2 Rxb2 20. f3 Nd5 21.
Bg3 Nxc3 22. Bxc6 Ke6 23. d5+ Nxd5 24. Bxd5+ Kxd5 25. Rd1 Bb4 26. Bf4 Re8+ 27.
Kf1 Bxd2 28. Bxd2 Rxa2 29. Bf4+ Kc6 30. Rc1+ Kb6 31. Bc7+ Kb7 32. Bf4 Bxf3 33.
Rb1+ Ka6 34. Rb3 Bd5 35. Rd3 Bc4 {TuMathias a abandonné} 0-1

[Event "Champ FRA - Under 8"]
[Site "Europe Echecs"]
[Date "2020.07.06"]
[Round "5"]
[Time "15:45:34"]
[PlyCount "70"]
[White "MelkumyanDavid"]
[Black "RoganovaJeremy"]
[WhiteElo "1240"]
[BlackElo "1020"]
[Mode "WEB"]
[Result "1-0"]

1. e4 c5 2. Nf3 d6 3. Bc4 Nf6 4. Ng5 e6 5. f4 g6 6. f5 Bg7 7. fxe6 Bxe6 8. Bxe6
fxe6 9. Nxe6 Qe7 10. Nxg7+ Qxg7 11. O-O O-O 12. d3 Nc6 13. Nc3 Ng4 14. Qxg4
Rxf1+ 15. Kxf1 Qf7+ 16. Kg1 Qf6 17. Nd5 Qd4+ 18. Ne3 Ne5 19. Qe6+ Kg7 20. Qe7+
Kh6 21. Qxb7 Rf8 22. Qe7 Rf4 23. c3 Qa4 24. b3 Qa5 25. Nd5 Nxd3 26. Bxf4+ Nxf4
27. Nxf4 Qxc3 28. Qh4+ Kg7 29. Rf1 Qe3+ 30. Kh1 Qxe4 31. Re1 Qd5 32. Nxd5 a5 33.
Re7+ Kf8 34. Qxh7 g5 35. Qf7# {RoganovaJeremy est échec et mat} 1-0

[Event "Champ FRA - Under 8"]
[Site "Europe Echecs"]
[Date "2020.07.06"]
[Round "5"]
[Time "15:45:34"]
[PlyCount "127"]
[White "RomeroAlexandr"]
[Black "TranAmarAndy"]
[WhiteElo "900"]
[BlackElo "1154"]
[Mode "WEB"]
[Result "0-1"]

1. d4 d5 2. c4 c6 3. Nf3 Bg4 4. Nc3 Nd7 5. cxd5 cxd5 6. Qb3 Nb6 7. h3 Bf5 8. Nh4
Bg6 9. Nxg6 hxg6 10. Qb5+ Qd7 11. Qxd7+ Nxd7 12. e3 e6 13. Bd3 Bb4 14. O-O Ngf6
15. Ne2 g5 16. a3 Bd6 17. Bd2 g4 18. Nf4 Bxf4 19. exf4 gxh3 20. g3 h2+ 21. Kh1
a6 22. Be3 Ng4 23. Bd2 Ndf6 24. f3 Nh6 25. Rf2 Nf5 26. Rxh2 Nxg3+ 27. Kg1 Rxh2
28. Kxh2 Nf5 29. Bxf5 exf5 30. Rg1 g6 31. Rg3 Kd7 32. Rg5 Rh8+ 33. Kg3 Rh5 34.
Rxh5 Nxh5+ 35. Kh4 Kc6 36. Be3 f6 37. b4 Kb5 38. Bc1 Kc4 39. Be3 Ng7 40. Kg3 Ne6
41. Bd2 Nxd4 42. a4 Nb3 43. Be1 Nd4 44. Kf2 Nc6 45. Ke2 Nxb4 46. Kd1 Nd3 47. Bd2
Nb2+ 48. Kc1 Nxa4 49. Kc2 b5 50. Ba5 b4 51. Kb1 b3 52. Bd8 d4 53. Bxf6 d3 54.
Kc1 b2+ 55. Bxb2 Nxb2 56. Kxb2 a5 57. Ka3 a4 58. Kxa4 d2 59. Ka3 d1=Q 60. Kb2
Qb3+ 61. Kc1 Qa2 62. Kd1 Kd3 63. Ke1 Qe2# {RomeroAlexandr est échec et mat} 0-1

[Event "Champ FRA - Under 8"]
[Site "Europe Echecs"]
[Date "2020.07.06"]
[Round "5"]
[Time "15:45:34"]
[PlyCount "28"]
[White "MoreauKenan"]
[Black "CosynsJean"]
[WhiteElo "820"]
[BlackElo "1130"]
[Mode "WEB"]
[Result "1-0"]

1. e4 c6 2. d4 d5 3. e5 c5 4. c3 cxd4 5. cxd4 f6 6. Nf3 Nc6 7. Bd3 fxe5 8. dxe5
Bg4 9. h3 Be6 10. O-O Bd7 11. Re1 e6 12. Ng5 h6 13. Qh5+ Ke7 14. Qf7# {CosynsJean est échec et mat} 1-0

[Event "Champ FRA - Under 8"]
[Site "Europe Echecs"]
[Date "2020.07.06"]
[Round "5"]
[Time "15:45:34"]
[PlyCount "92"]
[White "KennelArsene"]
[Black "DaoAnna"]
[WhiteElo "1110"]
[BlackElo "799"]
[Mode "WEB"]
[Result "1-0"]

1. e4 e5 2. Nf3 Nc6 3. d4 d6 4. dxe5 dxe5 5. Qxd8+ Nxd8 6. Nxe5 Nf6 7. Nc3 Bb4
8. Bd3 Bg4 9. Nxg4 Nxg4 10. h3 Nf6 11. Bd2 Nc6 12. O-O-O O-O-O 13. a3 Ba5 14.
Ne2 Bxd2+ 15. Rxd2 Rd7 16. e5 Nd5 17. Bf5 Nce7 18. Bxd7+ Kxd7 19. c4 c6 20. cxd5
cxd5 21. Nc3 Kc8 22. Nxd5 Nxd5 23. Rxd5 f6 24. exf6 gxf6 25. Rhd1 Kc7 26. R1d2
Rg8 27. Rd7+ Kc6 28. R2d6+ Kc5 29. Rxf6 Rxg2 30. Rxh7 Rg1+ 31. Kc2 Rf1 32. Rxb7
Kd4 33. Rxa7 Ra1 34. Ra5 Re1 35. Rf4+ Re4 36. Ra4+ Ke5 37. Raxe4+ Kd5 38. h4 Kc5
39. Rf5+ Kd6 40. h5 Kc6 41. Re6+ Kd7 42. Rff6 Kc7 43. Rf7+ Kd8 44. Ra6 Ke8 45.
Rh7 Kf8 46. Ra8# {DaoAnna est échec et mat} 1-0

[Event "Champ FRA - Under 8"]
[Site "Europe Echecs"]
[Date "2020.07.06"]
[Round "5"]
[Time "15:45:34"]
[PlyCount "73"]
[White "LeBlevecYelise"]
[Black "LazignacAslany"]
[WhiteElo "1107"]
[BlackElo "799"]
[Mode "WEB"]
[Result "0-1"]

1. e4 e5 2. Nf3 Nc6 3. Bb5 Nf6 4. O-O Bc5 5. Nc3 a6 6. Bxc6 dxc6 7. Nxe5 Qd6 8.
Nf3 Ng4 9. h3 Ne5 10. d4 Nxf3+ 11. Qxf3 Bxd4 12. Bf4 Qg6 13. Bxc7 O-O 14. Bg3 h5
15. Rfd1 Bxc3 16. bxc3 f5 17. exf5 Bxf5 18. Qe2 Rae8 19. Qc4+ Kh8 20. Rd6 Qg5
21. Bh4 Re4 22. Qxe4 Bxe4 23. Bxg5 Bxc2 24. Rc1 Be4 25. Rcd1 Kh7 26. Rd7 Rf5 27.
Be3 h4 28. Rxb7 Rf6 29. Bd4 Rg6 30. f3 Bxf3 31. Rd2 Kh6 32. Kf1 Bd5 33. Be3+ Kh5
34. Ra7 Rf6+ 35. Ke1 Bc4 36. Bd4 Rf1# {LeBlevecYelise est échec et mat} 0-1

[Event "Champ FRA - Under 8"]
[Site "Europe Echecs"]
[Date "2020.07.06"]
[Round "5"]
[Time "15:45:34"]
[PlyCount "59"]
[White "CarnetAnaelle"]
[Black "LlariMarc"]
[WhiteElo "1160"]
[BlackElo "799"]
[Mode "WEB"]
[Result "0-1"]

1. e4 e6 2. d4 d5 3. Nc3 Bb4 4. Bd2 Bxc3 5. Bxc3 dxe4 6. Be2 Nf6 7. Qd2 O-O 8.
O-O-O c5 9. dxc5 Qc7 10. Bxf6 gxf6 11. Qe3 f5 12. Qg5+ Kh8 13. Bc4 Rg8 14. Qf6+
Rg7 15. Ne2 Nd7 16. Qe7 Qxc5 17. Bb3 Qxe7 18. Nf4 Qg5 19. g3 e5 20. Kb1 exf4 21.
gxf4 Qxf4 22. Bd5 Ne5 23. a3 Be6 24. Bxb7 Rb8 25. Bc6 Nxc6 26. h3 Qe5 27. b3
Bxb3 28. Rc1 Ba2+ 29. Kxa2 Qb2# {CarnetAnaelle est échec et mat} 0-1

[Event "Champ FRA - Under 8"]
[Site "Europe Echecs"]
[Date "2020.07.06"]
[Round "5"]
[Time "15:45:34"]
[PlyCount "152"]
[White "GhesquiereLoui"]
[Black "LauerAdam"]
[WhiteElo "1160"]
[BlackElo "1290"]
[Mode "WEB"]
[Result "1-0"]

1. d4 d5 2. Nf3 c5 3. e3 e6 4. Bb5+ Bd7 5. Bxd7+ Nxd7 6. O-O Ngf6 7. Bd2 Qb6 8.
Bc3 cxd4 9. Nxd4 Ne4 10. b3 Bb4 11. Bxb4 Qxb4 12. Qd3 O-O 13. c3 Qa5 14. b4 Qc7
15. Nb5 Qc4 16. Qxc4 dxc4 17. Rd1 Ne5 18. Nc7 Rac8 19. Nb5 a6 20. Na7 Ra8 21.
Rd4 Nxc3 22. Nxc3 Rxa7 23. Re4 Nc6 24. a3 a5 25. b5 Ne7 26. b6 Ra6 27. Rb1 Rd8
28. Rxc4 Nd5 29. Nxd5 exd5 30. Rc7 h6 31. h4 g5 32. hxg5 hxg5 33. Rxb7 d4 34.
Rc7 dxe3 35. fxe3 Raa8 36. b7 Rab8 37. Re7 g4 38. g3 Kg7 39. Kf2 Rd2+ 40. Ke1
Rdd8 41. Rc7 Kg6 42. Ke2 f5 43. Rc5 Rd7 44. Rcb5 Kg5 45. Kf2 Rd2+ 46. Ke1 Rg2
47. e4 Rg1+ 48. Kf2 Rxb1 49. Rxb1 fxe4 50. Ke3 Kf5 51. a4 Ke5 52. Kf2 Kd4 53.
Ke2 e3 54. Ke1 Kd3 55. Kd1 e2+ 56. Ke1 Ke3 57. Rb3+ Kd4 58. Kxe2 Kc5 59. Ke3 Kc6
60. Kf4 Rxb7 61. Rxb7 Kxb7 62. Kxg4 Kc6 63. Kf5 Kc5 64. g4 Kb4 65. g5 Kxa4 66.
g6 Kb3 67. g7 a4 68. g8=Q+ Kb2 69. Qg2+ Kb3 70. Qd5+ Kb4 71. Qb7+ Ka3 72. Ke4
Ka2 73. Kd3 a3 74. Kc2 Ka1 75. Kb3 a2 76. Qh1# {LauerAdam est échec et mat} 1-0

[Event "Champ FRA - Under 8"]
[Site "Europe Echecs"]
[Date "2020.07.06"]
[Round "5"]
[Time "15:45:34"]
[PlyCount "31"]
[White "DruonCaspar"]
[Black "ArnouldMaxime"]
[WhiteElo "1040"]
[BlackElo "1450"]
[Mode "WEB"]
[Result "0-1"]

1. d4 d5 2. Bf4 Nc6 3. Nf3 Bf5 4. e3 Nf6 5. c3 e6 6. Nbd2 Bd6 7. Bd3 Bxf4 8.
Bxf5 exf5 9. exf4 Qe7+ 10. Qe2 Qxe2+ 11. Kxe2 O-O 12. Rag1 Rfe8+ 13. Kd1 Ng4 14.
h4 Nxf2+ 15. Kc1 Nxh1 {DruonCaspar a abandonné} 0-1

[Event "Champ FRA - Under 8"]
[Site "Europe Echecs"]
[Date "2020.07.06"]
[Round "5"]
[Time "15:45:34"]
[PlyCount "92"]
[White "CerclierAxel"]
[Black "SakiOmar"]
[WhiteElo "1440"]
[BlackElo "1044"]
[Mode "WEB"]
[Result "1-0"]

1. e4 e5 2. Nf3 Nc6 3. Bc4 Bc5 4. Nc3 Nf6 5. d3 O-O 6. O-O d6 7. h3 Be6 8. Bg5
h6 9. Bh4 a5 10. Nd5 Bxd5 11. Bxd5 Nb4 12. Bb3 a4 13. Bc4 c6 14. a3 Na6 15. b4
Ba7 16. b5 cxb5 17. Bxb5 Qb6 18. Bxa4 Nc5 19. Rb1 Qc7 20. Bb3 Nxb3 21. Rxb3 Bc5
22. d4 exd4 23. Nxd4 Nh5 24. Nb5 Qc6 25. Nc3 Bd4 26. Qxd4 Qd7 27. Qd5 g6 28.
Rxb7 Qc8 29. Nb5 Nf4 30. Qxd6 Nxh3+ 31. gxh3 Qxh3 32. Qc7 Qxh4 33. Rd1 Rae8 34.
Rd7 Rxe4 35. Rxf7 Rg4+ 36. Kf1 Qh1+ 37. Ke2 Re4+ 38. Kd3 Qf3+ 39. Kd2 Re2+ 40.
Kd1 Re7+ 41. Kc1 Qxf7 42. Qxe7 Qf4+ 43. Kb1 Rf7 44. Qe8+ Rf8 45. Qxg6+ Kh8 46.
Qg7# {SakiOmar est échec et mat} 1-0

[Event "Champ FRA - Under 8"]
[Site "Europe Echecs"]
[Date "2020.07.06"]
[Round "5"]
[Time "15:45:34"]
[PlyCount "69"]
[White "GrondinNathan"]
[Black "DoucetPaulLoup"]
[WhiteElo "1300"]
[BlackElo "1060"]
[Mode "WEB"]
[Result "1-0"]

1. e4 d5 2. Nc3 Nf6 3. d4 dxe4 4. f3 Bf5 5. fxe4 Bxe4 6. Bg5 h6 7. Bh4 g5 8. Bg3
Nc6 9. Bd3 Bxg2 10. Nge2 Bxh1 11. Be5 Nxe5 12. dxe5 Ng4 13. h3 Nxe5 14. Ng3 Bf3
15. Qd2 Qd6 16. Nb5 Qb6 17. Qc3 Qg1+ 18. Nf1 O-O-O 19. Qxe5 e6 20. Qxh8 Bb4+ 21.
c3 Rxh8 22. cxb4 Kb8 23. Nc3 Rd8 24. Be2 Bxe2 25. Nxe2 Qb6 26. a3 Qd6 27. b5
Qd2+ 28. Nxd2 c6 29. bxc6 bxc6 30. Nf3 Rd3 31. Ne5 Re3 32. Nxc6+ Kb7 33. Na5+
Kb6 34. Nc4+ Kc5 {DoucetPaulLoup a abandonné} 1-0

[Event "Champ FRA - Under 8"]
[Site "Europe Echecs"]
[Date "2020.07.06"]
[Round "5"]
[Time "15:45:34"]
[PlyCount "56"]
[White "ChevillonInes"]
[Black "RibreauAnna"]
[WhiteElo "1060"]
[BlackElo "1280"]
[Mode "WEB"]
[Result "1-0"]

1. e4 c5 2. Nf3 Nc6 3. Bc4 e6 4. Nc3 a6 5. Bb3 b5 6. d3 c4 7. dxc4 bxc4 8. Bxc4
Na5 9. Bb3 Rb8 10. O-O Qc7 11. h3 Nf6 12. Re1 Bd6 13. e5 Bxe5 14. Nxe5 d6 15.
Nf3 O-O 16. Bf4 Rb6 17. Na4 Rc6 18. Nd4 Rxc2 19. Bxc2 Nc4 20. Bd3 Nxb2 21. Nxb2
e5 22. Be3 exd4 23. Bxd4 Nd5 24. Rc1 Qb7 25. Nc4 Rd8 26. Na5 Qd7 27. Bc4 Nc7 28.
Bb6 {RibreauAnna a abandonné} 1-0

[Event "Champ FRA - Under 8"]
[Site "Europe Echecs"]
[Date "2020.07.06"]
[Round "5"]
[Time "15:45:34"]
[PlyCount "119"]
[White "BronnyTitien"]
[Black "ManvieuPaul"]
[WhiteElo "1270"]
[BlackElo "1018"]
[Mode "WEB"]
[Result "0-1"]

1. e4 e6 2. d4 d5 3. e5 c5 4. Nf3 cxd4 5. Nxd4 Bc5 6. Nf3 Qb6 7. Be3 Bxe3 8.
fxe3 Qxb2 9. Nc3 Qxc3+ 10. Nd2 Qxe3+ 11. Be2 Nc6 12. Nf1 Qc3+ 13. Qd2 Qxa1+ 14.
Qd1 Qxe5 15. Ng3 Nf6 16. O-O Ne4 17. Nxe4 Qxe4 18. Bd3 Qd4+ 19. Kh1 Ne5 20. Bb5+
Bd7 21. Qxd4 Bxb5 22. Qxe5 Bxf1 23. h3 Rg8 24. Qc7 b6 25. Qb7 Rd8 26. Qc6+ Rd7
27. Qc8+ Rd8 28. Qb7 g5 29. Qc6+ Ke7 30. Qc7+ Rd7 31. Qc3 g4 32. Qa3+ Ke8 33.
hxg4 Rxg4 34. Qc3 Bxg2+ 35. Kh2 Be4 36. Qc8+ Ke7 37. Qa6 Rg2+ 38. Kh3 Rxc2 39.
Qa3+ Ke8 40. Qg3 Bg6 41. Qh4 Rxa2 42. Qh6 Ra3+ 43. Kh4 Ra4+ 44. Kh3 Rc7 45. Kh2
Rc2+ 46. Kh3 Rc3+ 47. Kh2 Ra2+ 48. Kh1 Rb3 49. Qc1 Rb1 50. Qxb1 Bxb1 51. Kg1 Bg6
52. Kf1 Ke7 53. Ke1 Kf6 54. Kd1 Ke5 55. Kc1 Kd4 56. Kd1 Rh2 57. Ke1 Ke3 58. Kf1
Ra2 59. Ke1 Ra1# {BronnyTitien est échec et mat} 0-1

[Event "Champ FRA - Under 8"]
[Site "Europe Echecs"]
[Date "2020.07.06"]
[Round "5"]
[Time "15:45:34"]
[PlyCount "124"]
[White "LetellierTimot"]
[Black "MauryTom"]
[WhiteElo "1027"]
[BlackElo "1240"]
[Mode "WEB"]
[Result "1-0"]

1. e4 e6 2. Nc3 d5 3. Nf3 d4 4. Ne2 Nc6 5. d3 Bb4+ 6. Bd2 Bxd2+ 7. Qxd2 Nf6 8.
O-O-O O-O 9. c3 dxc3 10. Nxc3 Ng4 11. h3 Nge5 12. Be2 Nxf3 13. Bxf3 Ne5 14. d4
Nxf3 15. gxf3 f5 16. d5 fxe4 17. fxe4 exd5 18. exd5 c6 19. Qd4 cxd5 20. Rhg1 g6
21. Qxd5+ Qxd5 22. Nxd5 Rxf2 23. Ne7+ Kf7 24. Nxc8 Rxc8+ 25. Kb1 Rf3 26. Rd7+
Kg8 27. Rxb7 Rxh3 28. Rxa7 Rh2 29. Rc1 Rd8 30. a3 Rdd2 31. Rb7 Rdf2 32. a4 Rf7
33. Rxf7 Kxf7 34. a5 Rh5 35. a6 Ra5 36. Rc6 Ke7 37. b4 Ra4 38. b5 Rb4+ 39. Kc2
Rxb5 40. a7 Ra5 41. Rc7+ Kd8 42. Rxh7 Rc5+ 43. Kd3 Rd5+ 44. Kc4 Ra5 45. Rh8+ Kc7
46. a8=Q Rxa8 47. Rxa8 Kd7 48. Rg8 Ke6 49. Rxg6+ Kf7 50. Ra6 Ke7 51. Kd5 Kf7 52.
Ke5 Kg7 53. Kf5 Kh7 54. Kg5 Kg7 55. Ra7+ Kf8 56. Kf6 Ke8 57. Ke6 Kd8 58. Rh7 Kc8
59. Kd6 Kb8 60. Kc6 Ka8 61. Kb6 Kb8 62. Rh8# {MauryTom est échec et mat} 1-0

[Event "Champ FRA - Under 8"]
[Site "Europe Echecs"]
[Date "2020.07.06"]
[Round "5"]
[Time "15:45:34"]
[PlyCount "171"]
[White "MoreauBaptiste"]
[Black "AnseeuwEmma"]
[WhiteElo "1020"]
[BlackElo "1228"]
[Mode "WEB"]
[Result "0-1"]

1. e4 e5 2. Nf3 Nc6 3. Bc4 Nf6 4. Ng5 d5 5. exd5 Na5 6. Be2 Nxd5 7. Nf3 Nf6 8.
O-O Bd6 9. Nc3 O-O 10. d3 Be6 11. Bg5 h6 12. Bh4 Nc6 13. d4 exd4 14. Nxd4 Nxd4
15. Qxd4 Be7 16. Rad1 Qxd4 17. Rxd4 Nd7 18. Bxe7 Rfe8 19. Bb4 c5 20. Bxc5 Nxc5
21. Bb5 Re7 22. Rfd1 a6 23. Rd8+ Rxd8 24. Rxd8+ Kh7 25. Bd3+ Nxd3 26. cxd3 Bxa2
27. h3 Re1+ 28. Kh2 Be6 29. Rb8 Rf1 30. Rxb7 Rxf2 31. Rb6 a5 32. Ra6 Bd7 33.
Rxa5 Bc6 34. Ne4 Rxb2 35. Ra1 f5 36. Nc3 Rxg2+ 37. Kh1 Rg3+ 38. Kh2 Rg2+ 39. Kh1
Rc2+ 40. Kg1 Rxc3 41. Rd1 Bf3 42. Rd2 Rc1+ 43. Kf2 Bd5 44. d4 g5 45. Kg3 Kg6 46.
Rd3 f4+ 47. Kf2 Kf5 48. Rd2 h5 49. Rd3 g4 50. hxg4+ hxg4 51. Rd2 g3+ 52. Ke2 f3+
53. Ke3 f2 54. Rxf2+ gxf2 55. Kxf2 Rc4 56. Ke2 Rxd4 57. Ke3 Re4+ 58. Kf3 Ke5 59.
Kf2 Kd4 60. Kf3 Re8+ 61. Kf4 Ba2 62. Kf5 Re1 63. Kf6 Kd5 64. Kf7 Kd6+ 65. Kf8
Kd7 66. Kg7 Rf1 67. Kg6 Ke7 68. Kg5 Ke6 69. Kg4 Ke5 70. Kg3 Ke4 71. Kg2 Rf8 72.
Kg3 Bb3 73. Kg2 Ke3 74. Kg1 Ke2 75. Kh1 Rg8 76. Kh2 Kf1 77. Kh3 Kf2 78. Kh4 Kf3
79. Kh5 Kf4 80. Kh6 Kf5 81. Kh7 Rg1 82. Kh8 Kf6 83. Kh7 Rg2 84. Kh8 Kf7 85. Kh7
Rh2# {MoreauBaptiste est échec et mat} 0-1

[Event "Champ FRA - Under 8"]
[Site "Europe Echecs"]
[Date "2020.07.06"]
[Round "5"]
[Time "15:45:34"]
[PlyCount "60"]
[White "SinivassaneNil"]
[Black "GrederPaul"]
[WhiteElo "980"]
[BlackElo "1220"]
[Mode "WEB"]
[Result "1-0"]

1. e4 d6 2. Bc4 e5 3. Nf3 Nf6 4. Nc3 Nc6 5. O-O Be7 6. h3 O-O 7. d3 h6 8. Be3
Bd7 9. Bb5 a6 10. Bxc6 Bxc6 11. d4 d5 12. dxe5 Nd7 13. exd5 Bxd5 14. Nxd5 c6 15.
Nxe7+ Qxe7 16. Qd2 f6 17. exf6 gxf6 18. Bxh6 Rf7 19. Rfe1 Rh7 20. Rxe7 Rxe7 21.
Nh4 Rh7 22. Bf4 Rxh4 23. g3 Rh7 24. Re1 Nc5 25. Bd6 Rxh3 26. Bxc5 Rc8 27. Qd7 a5
28. Qxc8+ Kg7 29. Qxh3 Kf7 30. Qh7# {GrederPaul est échec et mat} 1-0

[Event "Champ FRA - Under 8"]
[Site "Europe Echecs"]
[Date "2020.07.06"]
[Round "5"]
[Time "15:45:34"]
[PlyCount "79"]
[White "SchluppLea"]
[Black "BuchlinAdrien"]
[WhiteElo "960"]
[BlackElo "1190"]
[Mode "WEB"]
[Result "0-1"]

1. e4 e5 2. Nf3 Nc6 3. Bc4 Nf6 4. d3 Bc5 5. Be3 Bd4 6. Bxd4 Nxd4 7. Nxd4 exd4 8.
Nd2 d6 9. Nb3 b6 10. Nxd4 Bd7 11. Qd2 c5 12. Nb3 Qc7 13. h3 b5 14. Bd5 Rd8 15.
O-O Bc6 16. c4 b4 17. a3 Bxd5 18. cxd5 bxa3 19. bxa3 Rb8 20. Na5 Rb5 21. Nc4 O-O
22. a4 Rbb8 23. Na5 h6 24. Nc6 Ra8 25. a5 Rfe8 26. Rfe1 a6 27. Rab1 Kh8 28. Qc3
Kg8 29. Rb2 Kh8 30. Reb1 Nd7 31. d4 Nb8 32. e5 dxe5 33. dxe5 Nxc6 34. dxc6 Qxc6
35. Rb8 Raxb8 36. h4 Rxb1+ 37. Kh2 Qg6 38. Qxc5 Qg4 39. f3 Qxh4# {SchluppLea est échec et mat} 0-1

[Event "Champ FRA - Under 8"]
[Site "Europe Echecs"]
[Date "2020.07.06"]
[Round "5"]
[Time "15:45:34"]
[PlyCount "71"]
[White "CharrierMojane"]
[Black "BocheNicolay"]
[WhiteElo "1190"]
[BlackElo "960"]
[Mode "WEB"]
[Result "0-1"]

1. d4 d5 2. Nf3 Bg4 3. Bf4 e6 4. e3 Bxf3 5. Qxf3 Nf6 6. Nd2 Bb4 7. c3 Bd6 8. Bg3
O-O 9. Bd3 Bxg3 10. hxg3 b6 11. Qf4 c5 12. Qh4 h6 13. Qh3 cxd4 14. exd4 Nc6 15.
g4 e5 16. Qf3 e4 17. Bxe4 dxe4 18. Nxe4 Nxe4 19. Qxe4 Re8 20. O-O Rxe4 21. f3
Re8 22. Rae1 Rxe1 23. Rxe1 Qd7 24. Rd1 Re8 25. c4 Re5 26. dxe5 Qxd1+ 27. Kh2
Nxe5 28. c5 bxc5 29. a4 Qd2 30. b3 Nxf3+ 31. Kh3 Nd4 32. a5 Qe3+ 33. Kh4 g5+ 34.
Kh5 Qg3 35. a6 Qh2# {CharrierMojane est échec et mat} 0-1

[Event "Champ FRA - Under 8"]
[Site "Europe Echecs"]
[Date "2020.07.06"]
[Round "5"]
[Time "15:45:34"]
[PlyCount "156"]
[White "BauerPierre"]
[Black "YuEtan"]
[WhiteElo "1187"]
[BlackElo "960"]
[Mode "WEB"]
[Result "1-0"]

1. d4 d5 2. c4 c6 3. Nc3 Nf6 4. Nf3 e6 5. Bf4 g6 6. Bg3 Bg7 7. e3 O-O 8. Be2
Nbd7 9. O-O b6 10. Qc2 Bb7 11. Rac1 Nh5 12. Rfe1 Nxg3 13. hxg3 c5 14. b3 cxd4
15. exd4 dxc4 16. bxc4 Rb8 17. Red1 Bxf3 18. Bxf3 Rc8 19. Nb5 a6 20. Na7 Rc7 21.
Nc6 Nb8 22. Nxb8 Qxb8 23. Qa4 Qc8 24. Bg4 f6 25. d5 f5 26. Bf3 exd5 27. Bxd5+
Kh8 28. Re1 b5 29. Qb4 Rc5 30. Bb7 Qc7 31. Bxa6 bxc4 32. Rxc4 Rxc4 33. Bxc4 Rc8
34. Kh2 Qxc4 35. Qxc4 Rxc4 36. Re8+ Bf8 37. Rxf8+ Kg7 38. Ra8 Rc2 39. Kg1 Kf6
40. Rh8 Kg7 41. Ra8 Kf6 42. a4 Ra2 43. a5 Ke6 44. a6 Kd6 45. a7 Kc7 46. Rh8 h5
47. a8=Q Rxa8 48. Rxa8 Kd6 49. Ra6+ Ke7 50. Rxg6 Kf7 51. Rg5 Kf6 52. Rxh5 Kg6
53. Rxf5 Kxf5 54. Kh2 Kg5 55. Kh3 Kf5 56. f3 Kg5 57. g4 Kg6 58. Kh4 Kh6 59. f4
Kg6 60. g3 Kf6 61. f5 Kg7 62. Kh5 Kf6 63. Kh6 Kf7 64. g5 Ke8 65. g6 Kf8 66. g4
Kg8 67. f6 Kf8 68. g5 Kg8 69. f7+ Kf8 70. g7+ Kxf7 71. Kh7 Ke7 72. g8=Q Kd6 73.
Qa8 Ke5 74. Qa4 Kf5 75. Kh6 Ke6 76. Qb5 Kf7 77. g6+ Kg8 78. Qb8# {YuEtan est échec et mat} 1-0